Country Shapes Drawn from Memory - Statistics

General Stats
  • This quiz has been taken 357 times
  • The average score is 7 of 10
Answer Stats
Picture Answer % Correct
Italy
99%
Australia
92%
Mexico
91%
Vietnam
83%
Namibia
74%
North Korea
64%
South Africa
57%
Denmark
46%
Iceland
38%
Ecuador
25%
No matching quizzes found
Score Distribution
Percent of People with Each Score
Percentile by Number Answered
Your Score History
You have not taken this quiz